|
|
|
|
| LEADER |
01132nab#a2200349#ar4500 |
| 001 |
000062039 |
| 003 |
SVKKK |
| 005 |
20070523091244.0 |
| 008 |
060725c xo e huno |
| FMT |
|
|
|
| 038 |
|
|
|a SVKKK
|
| 040 |
|
|
|a SVKKK
|b slo
|e AACR2
|
| 041 |
0 |
|
|a hun
|
| 044 |
|
|
|a xo
|c SK
|
| 080 |
|
|
|a 351
|2 1997
|
| 080 |
|
|
|a 625.1
|2 1997
|
| 242 |
1 |
0 |
|a Železnica medzi Stropkovom a Vranovom
|
| 245 |
0 |
0 |
|a Vasut Sztropkó és Varannó között
|
| 520 |
2 |
|
|a Správa o žiadosti vranovských obchodníkov a živnostníkov za podpory celého obyvateľstva k obecnému predstavenstvu za zriadenie železnice. Za podpory zainteresovaných obcí chcú vyslať delegáciu k ministrovi obchodu
|
| 650 |
0 |
4 |
|a železnica miestneho významu
|x žiadosť o výstavbu
|z Vranov-Stropkov (Slovensko)
|y 1914
|
| 773 |
0 |
|
|t Felsőmagyarország : Kassai Napló
|g Roč. 30, č. 139 (17.06.1914), s. 4
|
| 957 |
|
|
|a 711
|
| 957 |
|
|
|a 713
|
| 958 |
|
|
|a DG
|
| 958 |
|
|
|a HU
|
| 958 |
|
|
|a SK
|
| 974 |
|
|
|a Ba
|
| 992 |
|
|
|a RBX
|
| 997 |
|
|
|d Sztropkó p. Stropkov
|
| 997 |
|
|
|d Varannó p. Vranov p. Vranov nad Topľou
|
| BAS |
|
|
|
| 998 |
|
|
|a RETRO
|